Cities that hosted the OTI Festival with a map - Statistics

General Stats
  • This quiz has been taken 49 times
  • The average score is 15 of 18
Answers on the Map
Answers color-coded by a green-red scale on the quiz's map according to % correct below.
 
Answer Stats
Answer Year(s) % Correct
Buenos Aires 1980, 1988
97%
Lima 1982, 1997
97%
Lisbon 1987
97%
Madrid 1972, 1977
97%
Miami 1989
97%
Santiago de Chile 1978, 1986
97%
Caracas 1979
92%
Mexico City 1981, 1984
92%
Quito 1996
92%
Seville 1985
92%
Las Vegas 1990
89%
Valencia 1992, 1993,1994
89%
San José 1998
87%
Washington D. C. 1983
84%
San Juan 1975
82%
Acapulco 1974, 1976, 1991, 2000
71%
Belo Horizonte 1973
68%
San Bernardino 1995
16%
No matching quizzes found
Score Distribution
Percent of People with Each Score
Percentile by Number Answered
Your Score History
You have not taken this quiz